000 00607nam a2200217Ia 4500
003 GCL
008 140319s9999 xx 000 0 eng d
040 _aGCL /
_cGCL
082 0 4 _a618.1059
_bG D
100 1 _aGOMEL, VICTOR
245 1 0 _aDIAGNOSTIC AND OPERATIVE GYNECOLOGIC LAPAROSCOPY /
_cGOMEL, VICTOR
700 1 _aTAYLOR, PATRICK J.
260 _a[S.N] :
_bMOSBY -YEAR BOOK , JNC ،
_c1995
300 _a324
650 0 4 _aSURGERY
650 0 4 _aGENERATIVE ORGANS, FEMALE
650 0 4 _aLAPAROSCOPY
650 0 4 _aGENITAL DISEASES, FEMALE
650 0 4 _aLAPAROSCOPIC - METHODS
942 _2ddc
_cBK
999 _c25482
_d25482